ARRUPE JESUIT UNIVERSITY

CORONAVIRUS -STOP THE SPREAD - CLEAN,DISINFECT,COVER

Postcolonial whiteness : (Record no. 127606)

MARC details
000 -LEADER
fixed length control field 01156cam a22002894a 4500
001 - CONTROL NUMBER
control field 13529123
003 - CONTROL NUMBER IDENTIFIER
control field ARRUPE
005 - DATE AND TIME OF LATEST TRANSACTION
control field 20180313144059.0
008 - FIXED-LENGTH DATA ELEMENTS--GENERAL INFORMATION
fixed length control field 040319s2005 nyu b 001 0 eng
010 ## - LIBRARY OF CONGRESS CONTROL NUMBER
LC control number 2004045399
020 ## - INTERNATIONAL STANDARD BOOK NUMBER
International Standard Book Number 0791463613 (alk. paper)
020 ## - INTERNATIONAL STANDARD BOOK NUMBER
International Standard Book Number 0791463621 (pbk. : alk. paper)
040 ## - CATALOGING SOURCE
Original cataloging agency DLC
Transcribing agency DLC
Modifying agency DLC
042 ## - AUTHENTICATION CODE
Authentication code pcc
050 00 - LIBRARY OF CONGRESS CALL NUMBER
Classification number JV305
Item number .P67 2005
082 00 - DEWEY DECIMAL CLASSIFICATION NUMBER
Classification number 305.809
Edition number 22
300 ## - PHYSICAL DESCRIPTION
Dimensions 23 cm.
245 00 - TITLE STATEMENT
Title Postcolonial whiteness :
Remainder of title a critical reader on race and empire /
Statement of responsibility, etc edited by Alfred J. Lopez.
260 ## - PUBLICATION, DISTRIBUTION, ETC. (IMPRINT)
Place of publication, distribution, etc Albany :
Name of publisher, distributor, etc State University of New York Press,
Date of publication, distribution, etc c2005.
300 ## - PHYSICAL DESCRIPTION
Extent x, 261 p. ;
504 ## - BIBLIOGRAPHY, ETC. NOTE
Bibliography, etc Includes bibliographical references and index.
650 #0 - SUBJECT ADDED ENTRY--TOPICAL TERM
Topical term or geographic name as entry element Indigenous peoples.
9 (RLIN) 1835
650 #0 - SUBJECT ADDED ENTRY--TOPICAL TERM
Topical term or geographic name as entry element Postcolonialism.
9 (RLIN) 40519
650 #0 - SUBJECT ADDED ENTRY--TOPICAL TERM
Topical term or geographic name as entry element Racism.
9 (RLIN) 3380
650 #0 - SUBJECT ADDED ENTRY--TOPICAL TERM
Topical term or geographic name as entry element Whites
General subdivision Race identity.
9 (RLIN) 40520
700 1# - ADDED ENTRY--PERSONAL NAME
Personal name López, Alfred J.,
Dates associated with a name 1962-
9 (RLIN) 40521
906 ## - LOCAL DATA ELEMENT F, LDF (RLIN)
a 7
b cbc
c orignew
d 1
e ocip
f 20
g y-gencatlg
942 ## - ADDED ENTRY ELEMENTS (KOHA)
Source of classification or shelving scheme Library of Congress Classification
Koha item type Monograph ( Printed materials)
Holdings
Withdrawn status Lost status Source of classification or shelving scheme Damaged status Not for loan Collection code Home library Current library Shelving location Date acquired Total Checkouts Full call number Barcode Date last seen Date checked out Price effective from Koha item type
    Library of Congress Classification     Main Collection ARRUPE LIBRARY ARRUPE LIBRARY Main Collection 13/03/2018 2 JV305 .P67 2005 46600001097 02/10/2018 28/09/2018 13/03/2018 Monograph ( Printed materials)

 

Arrupe Library. PO Box MP320 Mt Pleasant, Harare, Zimbabwe
263 242 745411|librarian@aju.ac.zw